Sports Quiz

Random Sports or Cricket Quiz

Top Test Run Scorers 2011 Quiz Stats

Quiz not verified by Sporcle

Challenge
Share
Tweet
Embed
Score 0/20 Timer 10:00
0 Plays Today
Country Batsman % Correct
EnglandAlastair Cook
98.6%
IndiaSachin Tendulkar
97.3%
AustraliaMichael Clarke
94.6%
IndiaRahul Dravid
93.2%
EnglandIan Bell
93.2%
Sri LankaKumar Sangakkara
89.2%
EnglandKevin Pietersen
89.2%
West IndiesDarren Bravo
81.1%
AustraliaMike Hussey
79.7%
West IndiesShivnarine Chanderpaul
77%
Country Batsman % Correct
PakistanYounis Khan
75.7%
IndiaVVS Laxman
70.3%
Sri LankaTillakaratne Dilshan
67.6%
PakistanMisbah Ul-Haq
50%
PakistanMohammad Hafeez
41.9%
Sri LankaAngelo Mathews
37.8%
PakistanAzhar Ali
29.7%
PakistanTaufeeq Umar
20.3%
West IndiesKirk Edwards
14.9%
Sri LankaTharanga Paranavitana
12.2%

You're not logged in!

Compare scores with friends on all Sporcle quizzes.
Join for Free
OR
Log In

You Might Also Like...

Show Comments

Extras

Top Quizzes Today


Score Distribution

Your Account Isn't Verified!

In order to create a playlist on Sporcle, you need to verify the email address you used during registration. Go to your Sporcle Settings to finish the process.

Report this User

Report this user for behavior that violates our Community Guidelines.

Details: